Títulos valores y valores negociables /

Guardado en:
Autor Principal: Villegas, Carlos Gilberto
Formato: Libro
Idioma:Spanish
Publicado: Buenos Aires : La Ley, 2004
Edición:1a. ed.
Materias:
Etiquetas: Agregar Etiqueta
Sin Etiquetas, Sea el primero en etiquetar este registro!
LEADER 00718nam a22001815a 4500
001 DER.der000093
008 180615s2004####ag#||||||||||||||#||spa||
005 20241101101256.0
245 1 0 |a Títulos valores y valores negociables /  |c Carlos Gilberto Villegas 
250 |a 1a. ed. 
260 |a Buenos Aires :  |b La Ley,  |c 2004 
300 |a 1261 p. 
505 0 |a Letra de cambio. Pagaré. Cheques. Facturas de crédito. Letras hipotecarias. Acciones. Obligaciones. Valores fiduciarios. Valores públicos. Contratos de inversión 
020 |a 9870303129 
100 1 |a Villegas, Carlos Gilberto 
650 7 |a DERECHO BANCARIO 
859 |a DERECHO  |b BIB. DERECHO  |h 346.096  |i VIL  |p 001017 
859 |a DERECHO  |b BIB. DERECHO  |h 346.096  |i VIL  |p 005264  |t 1